İsveç Sosyal Demokrat Parti programı (Record no. 25)

MARC details
000 -BAŞLIK
Sabit Uzunlukta Kontrol Alanı 00852na a2200265 4500
001 - KONTROL NUMARASI
Denetim Alanı 16438
003 - KONTROL NUMARASI IDENTIFIER
Denetim Alanı MIRAKIL
005 - SON İŞLEM TARİHİ VE ZAMANI
Denetim Alanı 20181213154730.0
008 - SABİT-BOY VERİ ELEMANLARI - GENEL BİLGİLER
Sabit Uzunlukta Kontrol Alanı 161006b tu 000 0
020 ## - ULUSLARARASI STANDART KİTAP NUMARASI
Uluslararası Standart Kitap Numarası 9153203992
035 ## - SİSTEM KONTROL NUMARASI
Sistem Kontrol Numarası 16438
040 ## - KATALOGLAMA KAYNAK
Orijinal Kataloglama Ajansı Milas
Kataloglama Dili tur
Metne Dönüştürmek Ajansı TR-AnCHP
041 ## - DİL KODU
Metin / Ses Parça Veya Ayrı Başlığın Dil Kodu tur
082 ## - DEWEY ONLU SINIFLANDIRMA NUMARASI
Sınıflandırma Numarası 324.2485072
Ürün Numarası İ78 1997
090 ## - SINIFLAMA NUMARASI
Sınıflama Numarası 324.2485072 İ78 1997
245 ## - BAŞLIK TABLOSU
Başlık İsveç Sosyal Demokrat Parti programı
260 ## - YAYIN, DAĞITIM, VB
Yayın, Dağıtım, Vb Yeri Stockholm
Yayıncı, Dağıtıcı, Vs Adı İsveç Kültür ve Dostluk Derneği Yayınları
Yayın, Dağıtım, Vb Tarihi 1997
300 ## - FİZİKSEL TANIM
Kapsam 77 s.
Boyutlar 21 sm.
490 ## - SERİSİ TABLOSU
Seri Beyanı İsveç Kültür ve Dostluk Derneği yayınları
Hacim / Ardışık Tanımı 1
650 ## - KONU KATMA GİRİŞ - TOPİKAL DÖNEM
Topikal Süreli Veya Coğrafi Ad Giriş Elemanı Sosyal demokrasi
650 ## - KONU KATMA GİRİŞ - TOPİKAL DÖNEM
Topikal Süreli Veya Coğrafi Ad Giriş Elemanı İsveç Sosyal Demokrat Partisi (SAP)
Genel Alt Bölümü Parti programları
651 ## - KONU KATMA GİRİŞ - COĞRAFİ ADI
Coğrafi İsim İsveç
Genel Alt Bölümü Siyasal partiler
Kronolojik Alt Bölümü Parti programları
651 ## - KONU KATMA GİRİŞ - COĞRAFİ ADI
Coğrafi İsim İsveç
Genel Alt Bölümü Sosyal demokrat partiler
Kronolojik Alt Bölümü Parti programları
942 ## - EKLENDİ GİRİŞ ELEMANLARI (KOHA)
Sınıflandırma Veya Raf Düzeni Kaynak Dewey Decimal Classification
Koha Öğesi Türü Books
999 ## - SİSTEM KONTROL NUMARALARI (KOHA)
Koha Biblionumber 25
Koha Biblioitemnumber 25
Holdings
Kalıcı Konum Mevcut Konum Edinme Tarihi Edinim Kaynak Toplam Check-Out'Lar Tam Çağrı Numarası Barkod Tarih Son Görülme İtibaren Geçerli Fiyatlar Koha Öğesi Türü Kopya Sayısı
CHP Kütüphanesi CHP Kütüphanesi 10/06/2016 Bağış   324.2485072 İ78 1997 005241 10/06/2016 10/06/2016 Books  
CHP Kütüphanesi CHP Kütüphanesi 10/06/2016 Bağış   324.2485072 İ78 1997 005242 10/06/2016 10/06/2016 Books k.2
CHP Kütüphanesi CHP Kütüphanesi 10/06/2016 Bağış   324.2485072 İ78 1997 005243 10/06/2016 10/06/2016 Books k.3